The Chelsea FC Quiz - Statistics

General Stats
  • This quiz has been taken 375 times
  • The average score is 5 of 10
Answer Stats
Hint Answer % Correct
Captained Chelsea to Champions League success in 2012 Frank Lampard
82%
His last kick for Chelsea won them the 2012 Champions League Didier Drogba
72%
Chelsea's training ground = _______ Training Centre Cobham
68%
Chelsea's record signing Fernando Torres
63%
Chelsea player of the year in 2012 and 2013 Juan Mata
50%
Chelsea's second top goalscorer of all time Bobby Tambling
39%
Interim Chelsea Manager in 2013 Rafael Benitez
39%
Player with most appearances for Chelsea Ron Harris
32%
Chelsea's top scorer for the 2000-01 season Jimmy Floyd Hasselbaink
27%
Player whom Chelsea received their record transfer fee for Arjen Robben
16%
No matching quizzes found
Score Distribution
Percent of People with Each Score
Percentile by Number Answered
Your Score History
You have not taken this quiz